000 01124nam a2200277 4500
008 060811s2002 cc ab bd 001 0 chi d
020 _a7801095200 (平裝)
020 _a9787801095206
041 1 _achi
090 _aBS630
_bB14b
245 1 0 _a 圣经地名词典 = Sheng jing di ming ci dian = Biblical placename dictionary {ch} /
_c白云晓编译= Bai Yunxiao bian yi= [compiled by] Bai Yunxiao.
250 _a第 1 版.
260 _a北京 Beijing:
_b中央编译出版社 Zhong yang bian yi chu ban she,
_c2002.
300 _a 2, 21, 661 pages :
_billustrations, maps ;
_c21 cm.
336 _2rdacontent
_atext.
337 _2rdamedia
_aunmediated.
338 _avolume.
500 _a"本书是根据拙编《圣经新约地名词典》与《圣经舊约地名词典》修订而成的一本辞书"--序言.
504 _aIncludes bibilographical references.
630 0 4 _aBible
_xDictionaries {ch}.
630 0 4 _aBible
_xGeography
_xDictionaries {ch}.
650 4 _aNames, Geographical
_vDictionaries {ch}.
700 1 _a白云晓 Bai Yunxiao
_e编译.
942 _2lcc
_cBK
_e第1版
951 _x00033510
999 _c27256
_d27256